All Countries by Population on a Map: Four at a Time - Statistics

General Stats
  • This quiz has been taken 2,098 times
    1,952 since last reset
  • The average score is 27 of 49
Answers on the Map
Answers color-coded by a green-red scale on the quiz's map according to % correct below.
 
Answer Stats
# Country % Correct
1-4 India | China | USA | Indonesia
100%
5-8 Pakistan | Nigeria | Brazil | Bangladesh
99%
9-12 Russia | Mexico | Ethiopia | Japan
98%
17-20 Iran | Turkey | Germany | Thailand
95%
13-16 Philippines | Egypt | DRC | Vietnam
95%
21-24 UK | Tanzania | France | S. Africa
94%
25-28 Italy | Kenya | Myanmar | Colombia
92%
29-32 S. Korea | Uganda | Sudan | Spain
92%
37-40 Poland | Canada | Morocco | Ukraine
91%
33-36 Iraq | Argentina | Algeria | Afghanistan
90%
41-44 Saudi Arabia | Angola | Uzbekistan | Yemen
87%
45-48 Peru | Malaysia | Ghana | Mozambique
86%
53-56 Cameroon | Niger | Australia | N. Korea
83%
49-52 Nepal | Madagascar | Ivory Coast | Venezuela
83%
57-60 Taiwan | Syria | Mali | Burkina Faso
78%
65-68 Kazakhstan | Chile | Chad | Somalia
75%
61-64 Sri Lanka | Malawi | Zambia | Romania
75%
69-72 Ecuador | Guatemala | Senegal | Netherlands
69%
77-80 Benin | Burundi | Tunisia | Bolivia
62%
73-76 Cambodia | Zimbabwe | Guinea | Rwanda
62%
85-88 Cuba | S. Sudan | Honduras | Sweden
52%
81-84 Haiti | Belgium | Dominican Rep. | Jordan
50%
89-92 Czech Republic | Azerbaijan | PNG | Greece
49%
93-96 Portugal | Tajikistan | Hungary | UAE
47%
97-100 Belarus | Israel | Togo | Austria
43%
105-108 Nicaragua | Libya | Paraguay | Kyrgyzstan
42%
101-104 Sierra Leone | Switzerland | Laos | Serbia
42%
109-112 Bulgaria | Turkmenistan | El Salvador | Rep. Congo
39%
113-116 Denmark | Singapore | CAR | Slovakia
38%
117-120 Finland | Norway | Liberia | Lebanon
37%
121-124 New Zealand | Costa Rica | Ireland | Mauritania
36%
129-132 Eritrea | Georgia | Mongolia | Uruguay
35%
125-128 Oman | Panama | Kuwait | Croatia
35%
193-196 Palau | Nauru | Tuvalu | Vatican City
33%
141-144 Botswana | Namibia | Gabon | Lesotho
31%
133-136 Moldova | Bosnia | Albania | Jamaica
31%
137-140 Gambia | Armenia | Qatar | Lithuania
30%
189-192 Marshall Is. | Liechtenstein | Monaco | San Marino
30%
145-148 Guinea-Bissau | Slovenia | N. Macedonia | Latvia
29%
181-184 FSM | Seychelles | Tonga | St. Vincent
28%
177-180 Samoa | St. Lucia | Kiribati | Grenada
28%
185-188 Antigua | Andorra | Dominica | St. Kitts
27%
149-152 Equatorial Guinea | Kosovo | Trinidad | Bahrain
27%
153-156 E. Timor | Estonia | Mauritius | Cyprus
27%
173-176 Iceland | Vanuatu | Barbados | São Tomé
27%
161-164 Guyana | Bhutan | Solomon Is. | Luxembourg
26%
165-168 Montenegro | Suriname | Cape Verde | Malta
26%
157-160 Eswatini | Djibouti | Fiji | Comoros
25%
169-172 Maldives | Brunei | Bahamas | Belize
25%
No matching quizzes found
Score Distribution
Percent of People with Each Score
Percentile by Number Answered
Your Score History
You have not taken this quiz since the last reset